<?xml version="1.0" encoding="UTF-8"?>
<record
    xmlns:xsi="http://www.w3.org/2001/XMLSchema-instance"
    xsi:schemaLocation="http://www.loc.gov/MARC21/slim http://www.loc.gov/standards/marcxml/schema/MARC21slim.xsd"
    xmlns="http://www.loc.gov/MARC21/slim">

  <leader>01754nas a2200505 i 4500</leader>
  <controlfield tag="001">196113</controlfield>
  <controlfield tag="003">SpMaBN</controlfield>
  <controlfield tag="005">20250824012602.0</controlfield>
  <controlfield tag="007">ta</controlfield>
  <controlfield tag="008">240813c20199999sp ar p       0   b0spa  </controlfield>
  <datafield tag="010" ind1=" " ind2=" ">
    <subfield code="a">n</subfield>
    <subfield code="b">0</subfield>
  </datafield>
  <datafield tag="015" ind1=" " ind2=" ">
    <subfield code="a">REV2103</subfield>
  </datafield>
  <datafield tag="017" ind1=" " ind2=" ">
    <subfield code="a">TO 415-2019</subfield>
    <subfield code="b">Oficina Dep&#xF3;sito Legal Toledo</subfield>
  </datafield>
  <datafield tag="022" ind1="0" ind2=" ">
    <subfield code="a">2990-3610</subfield>
    <subfield code="2">_u</subfield>
  </datafield>
  <datafield tag="035" ind1=" " ind2=" ">
    <subfield code="a">(SpMaBN)a6910069</subfield>
  </datafield>
  <datafield tag="035" ind1=" " ind2=" ">
    <subfield code="a">(OCoLC)1262503046</subfield>
  </datafield>
  <datafield tag="035" ind1=" " ind2=" ">
    <subfield code="a">991035555099708606</subfield>
  </datafield>
  <datafield tag="037" ind1=" " ind2=" ">
    <subfield code="b">Arroyada, 16, 45100; tf. 638819714; c.e.: redaccion@masescena.es, p. web: www.masescena.es</subfield>
  </datafield>
  <datafield tag="040" ind1=" " ind2=" ">
    <subfield code="a">SpMaBN</subfield>
    <subfield code="b">spa</subfield>
    <subfield code="c">SpMaBN</subfield>
    <subfield code="e">rdc</subfield>
    <subfield code="d">ES-MaACL</subfield>
  </datafield>
  <datafield tag="080" ind1=" " ind2=" ">
    <subfield code="a">792</subfield>
  </datafield>
  <datafield tag="080" ind1=" " ind2=" ">
    <subfield code="a">792.8</subfield>
  </datafield>
  <datafield tag="130" ind1="0" ind2=" ">
    <subfield code="a">Masescena (Sonseca)</subfield>
    <subfield code="9">238321</subfield>
  </datafield>
  <datafield tag="222" ind1=" " ind2="0">
    <subfield code="a">Masescena</subfield>
  </datafield>
  <datafield tag="245" ind1="1" ind2="0">
    <subfield code="a">Masescena :</subfield>
    <subfield code="b">teatro, danza, circo : anuario</subfield>
  </datafield>
  <datafield tag="246" ind1="3" ind2=" ">
    <subfield code="a">Mas escena</subfield>
  </datafield>
  <datafield tag="260" ind1=" " ind2=" ">
    <subfield code="a">Sonseca, Toledo :</subfield>
    <subfield code="b">Asociaci&#xF3;n Torre Tolanca,</subfield>
    <subfield code="c">D.L. 2019-</subfield>
  </datafield>
  <datafield tag="300" ind1=" " ind2=" ">
    <subfield code="a">v. ;</subfield>
    <subfield code="c">30 cm</subfield>
  </datafield>
  <datafield tag="310" ind1=" " ind2=" ">
    <subfield code="a">trimestral</subfield>
    <subfield code="b">jun. 2023-(2024)-2025-</subfield>
  </datafield>
  <datafield tag="321" ind1=" " ind2=" ">
    <subfield code="a">Anual</subfield>
    <subfield code="b">2018-2021</subfield>
  </datafield>
  <datafield tag="336" ind1=" " ind2=" ">
    <subfield code="a">Texto (visual)</subfield>
    <subfield code="2">isbdcontent</subfield>
  </datafield>
  <datafield tag="337" ind1=" " ind2=" ">
    <subfield code="a">sin mediaci&#xF3;n</subfield>
    <subfield code="2">isbdmedia</subfield>
  </datafield>
  <datafield tag="362" ind1="0" ind2=" ">
    <subfield code="a">2018-</subfield>
  </datafield>
  <datafield tag="588" ind1=" " ind2=" ">
    <subfield code="a">Descripci&#xF3;n basada en: n.1 (jun. 2023)</subfield>
  </datafield>
  <datafield tag="594" ind1=" " ind2=" ">
    <subfield code="a">T&#xED;tulo tomado de la cubierta</subfield>
  </datafield>
  <datafield tag="650" ind1=" " ind2="7">
    <subfield code="a">Teatro</subfield>
    <subfield code="2">embne</subfield>
    <subfield code="9">17290</subfield>
  </datafield>
  <datafield tag="650" ind1=" " ind2="7">
    <subfield code="a">Danza</subfield>
    <subfield code="9">135869</subfield>
  </datafield>
  <datafield tag="655" ind1=" " ind2="7">
    <subfield code="9">226866</subfield>
    <subfield code="a">Revistas</subfield>
  </datafield>
  <datafield tag="710" ind1="2" ind2=" ">
    <subfield code="a">Asociaci&#xF3;n Torre Tolanca</subfield>
    <subfield code="9">238322</subfield>
  </datafield>
  <datafield tag="776" ind1="0" ind2="8">
    <subfield code="i">Versi&#xF3;n en l&#xED;nea</subfield>
    <subfield code="t">Masescena (Internet) =</subfield>
    <subfield code="x">ISSN 2990-3629</subfield>
    <subfield code="0">196115</subfield>
    <subfield code="w">196115</subfield>
  </datafield>
  <datafield tag="852" ind1=" " ind2=" ">
    <subfield code="a">ES-MaACL</subfield>
    <subfield code="c">HEM</subfield>
    <subfield code="j">HEM-1929</subfield>
    <subfield code="h">Donaci&#xF3;n: Editorial </subfield>
    <subfield code="z">Revista viva, no se expurga</subfield>
    <subfield code="z">Casillero actual: C&#xBA; 32</subfield>
    <subfield code="9">203948 </subfield>
  </datafield>
  <datafield tag="866" ind1=" " ind2=" ">
    <subfield code="o">2023-(2024)-2025-</subfield>
  </datafield>
  <datafield tag="942" ind1=" " ind2=" ">
    <subfield code="n">0</subfield>
    <subfield code="c">PERIODICA</subfield>
  </datafield>
  <datafield tag="955" ind1=" " ind2=" ">
    <subfield code="b">Pilar Fern&#xE1;ndez Vera</subfield>
  </datafield>
  <datafield tag="999" ind1=" " ind2=" ">
    <subfield code="c">196113</subfield>
    <subfield code="d">196113</subfield>
  </datafield>
  <datafield tag="952" ind1=" " ind2=" ">
    <subfield code="0">0</subfield>
    <subfield code="1">0</subfield>
    <subfield code="2">udc</subfield>
    <subfield code="3">Ultimo n&#xFA;mero recibido: N&#xBA; 12 (2026)</subfield>
    <subfield code="4">0</subfield>
    <subfield code="7">0</subfield>
    <subfield code="8">Hemeroteca</subfield>
    <subfield code="9">203948</subfield>
    <subfield code="a">ATENEOM</subfield>
    <subfield code="b">ATENEOM</subfield>
    <subfield code="c">HEM</subfield>
    <subfield code="d">2024-08-13</subfield>
    <subfield code="e">DONACION</subfield>
    <subfield code="l">0</subfield>
    <subfield code="o">HEM-1929 (C&#xBA; 32)</subfield>
    <subfield code="p">101228771</subfield>
    <subfield code="r">2024-08-13 00:00:00</subfield>
    <subfield code="w">2024-08-13</subfield>
    <subfield code="y">PERIODICA</subfield>
  </datafield>
</record>
